00468nam a2200157 a 4500020001800000082001500018100002100033245008100054260004900135300000900184500003500193505002400228650001900252700002000271700001900291 a0310452 00a248.4bCLA aClairmont, Pasty aJoy Break, 90 Devotions to Celebrate Simplify, and Add Laughter to Your Life aMichigan bZondervan Publishing House c1997 a281p aincludes index and biblioraphy2 aBibliography, Index aChristian-Life1 aBarbara Johnson1 aMarilyn Meberg